00616nam a2200217 a 4500001001300000003000900013005001700022008004100039020002300080082001800103100001800121245005800139260004500197300000900242500003500251505001000286650003200296650002500328650002700353700001800380nice12345678IN_TiNIC20260116013211.0050524s1986 newa grp 000 0 eng  a1569242 c29900a291.5622bJAM aJames, Gene G aSearch for Faith and Justice in the Twentieth Century aNew YorkbParagon House Publishersc1986 a221p aincludes index and biblioraphy2 aindex aComparative Religion-Ethics aReligion and Justice aReligion and Sociology1 aJames, Gene G